000 00761nam a2200241 a 4500
001 BRCA_6248
005 20190320205402.0
008 210711s1927----gw-c######---#000-0#ger-#
041 _ager
044 _agw
050 4 _aCB83
_b.S64 1927
100 1 _aSpengler, Oswald
_d1880-1936
_915691
245 1 0 _aDer Untergang des Abendlandes
_bUmrisse einer morphologie der weltgeschichte
_cOswald Spengler.
260 _aMúnich
_bC. H. Beck´schen
_c1927
300 _a2 v.
_bil., retratos
_c24 cm.
500 _aEdición con cantos dorados
500 _aCon firma de Franz Mayer
500 _aK108
505 0 _aContenido: v. 1 Gestalt und wirklichkeit.-- v. 2 Welthistorische Perspektive.
650 1 4 _aCivilización
_91003
902 _aGFM
942 _2lcc
_cB
999 _c5935
_d5935